000 00382nam a2200145Ia 4500
008 210210b1982 xxu||||| |||| 00| 0 eng d
082 _a809.88914 KRIL
100 _aKRIPALANI (Krishna).
245 _aLiterature of modern India.
260 _aIndia
_bNational Book Trust
_c1982
300 _avi,124
650 _aIndian Literature
690 _aIndian Literature
906 _a039755
999 _c89848
_d89848